| 000 | 00824cam a2200265 a 4500 | ||
|---|---|---|---|
| 001 | 28020 | ||
| 005 | 20230404130052.0 | ||
| 008 | 920616s1992 ctu b 001 0 eng | ||
| 035 | _9(DLC) 92024462 | ||
| 035 | _a4869271 | ||
| 942 |
_2lcc _cbk |
||
| 010 | _a 92024462 | ||
| 020 | _a0313284555 (alk. paper) | ||
| 040 |
_aDLC _cDLC _dDLC |
||
| 043 | _anwcu--- | ||
| 050 | 1 | 4 |
_a107 P 92 _bB582 1992 |
| 082 | 0 | 0 |
_a016.30223/097291 _220 |
| 245 | 1 | 0 |
_aBibliography of Cuban mass communications / _ccompiled by John A. Lent. |
| 260 |
_aWestport, Conn. : _bGreenwood Press, _c1992. |
||
| 300 |
_axi, 357 p. ; _c24 cm. |
||
| 440 | 0 |
_aBibliographies and indexes in mass media and communications, _x1041-8350 ; _vno. 6 |
|
| 500 | _aIncludes indexes. | ||
| 650 | 0 |
_aMass media _zCuba _xBibliography. |
|
| 700 | 1 | _aLent, John A. | |
| 999 |
_c10331 _d10331 |
||